Kensei: A Novel of Computer-Chip Rivalry and the Trade War on America (Record no. 31746)

MARC details
000 -LEADER
fixed length control field 00471nam a2200181Ia 4500
020 ## - INTERNATIONAL STANDARD BOOK NUMBER
ISBN 0-86553-089-0
050 ## - CALL MARK
Classification number PS3569.C5144K4
100 ## - STATEMENT OF RESPONSIBILITY--MAIN AUTHOR NAME
Personal name Steven Schlossstein
245 #0 - TITLE STATEMENT
Title Kensei: A Novel of Computer-Chip Rivalry and the Trade War on America
260 ## - PUBLICATION, DISTRIBUTION, ETC. (IMPRINT)
Place of publication New York
260 ## - PUBLICATION, DISTRIBUTION, ETC. (IMPRINT)
Name of publisher Congdon & Weed, Inc.
260 ## - PUBLICATION, DISTRIBUTION, ETC. (IMPRINT)
Year of publication 1983
300 ## - PHYSICAL DESCRIPTION
Number of Pages 329 p
650 ## - SUBJECT ADDED ENTRY--TOPICAL TERM
Topical Term Literature
942 ## - ADDED ENTRY ELEMENTS (KOHA)
Koha item type Books
Holdings
Withdrawn status Lost status Source of classification or shelving scheme Damaged status Not for loan Permanent Location Current Location Date acquired Accession Number Price effective from Koha item type
    Library of Congress Classification     NILE UNIVERSITY OF NIGERIA - MAIN LIBRARY NILE UNIVERSITY OF NIGERIA - MAIN LIBRARY 04/23/2025 0006135 04/23/2025 Books